000 00350nam a2200133Ia 4500
008 230917s9999||||xx |||||||||||||| ||und||
040 _e198601
_aMAIN
041 _aEnglish
082 _a610 B469E
100 _aBhattacharyya, Sandip Kumar
245 0 _aEvaluation of hypertonic peritoneal dialysis with low sodium
300 _a120 p.
942 _cTH
999 _c79276
_d79276